| 000 | 00632nam a22001817a 4500 | ||
|---|---|---|---|
| 999 |
_c168156 _d168156 |
||
| 005 | 20190927124403.0 | ||
| 010 | _aENG-126574 | ||
| 020 |
_c350.00 _a9788178443485 |
||
| 035 | _aEN-110106 | ||
| 037 | _bDBAD/PUB | ||
| 082 | _a320.0954 | ||
| 245 |
_aPolitical Institutions In Ancient India : _cEdited by Mohan Singh Saggu _bA Compendium / |
||
| 260 |
_aNew Delhi _bK.K. Publications _c2018 |
||
| 270 |
_bNew Delhi _a4806/24 , Bharat Ram , Daryaganj _e110002 _k011-47340207 , 23285167 _mkkdevinder@vsnl.net |
||
| 300 |
_aviii168p. _c23cm,(hbk) |
||
| 700 | _aSaggu , Mohan Singh | ||
| 942 |
_2ddc _cEN _h320.0954 _mSAG |
||